000 00485nam a2200193Ia 4500
003 GCL
008 140319s9999 xx 000 0 eng d
040 _aGCL /
_cGCL
082 0 4 _a920.71
_bB V
100 1 _aBLONDIN, ANTOINE
245 1 0 _aMA VIE ENTRE DES LIGNES /
_cBLONDIN, ANTOINE
260 _a[S.N] :
_bLA TABLE RONDE ،
_c1982
300 _a489 P
650 0 4 _aLIFE, HISTORY
650 0 4 _aBLONDIN, ANTOINE
650 0 4 _aBIOGRAPHY
650 0 4 _aMEMORIES
942 _2ddc
_cBK
999 _c12575
_d12575